=LDR 00000nam 2200000 4500 =001 NUTBA000000000001478 =005 20140429102557.0 =006 =007 =008 =035 ##$$a 0010-041400000000748 =082 ##$$a 158.1 =090 ##$$a 158.1-Leo-s =100 ##$$a David Leonhardt =245 ##$$a Sembilan Kebiasaan Menggapai Kebahagiaan Tertinggi =260 ##$$a Tangerang $b Binarupa Aksara $c 2007 =300 ##$$a 1,309 hlm $b ilus $c 23 cm